000 00949nam a22003137a 4500
001 BR0303831
003 BR-BrBNA
005 20230928101336.0
007 ta
008 230509b bl.||||| |||| 00| 0 por d
040 _aBR-BrBNA
_bpor
_cBiblioteca Nacional de Agricultura
041 _a(Por)
072 _aF04
_b3371
090 _ 3371 BR0303831
100 1 _aRodrigues, T.M.
110 1 _aUniversidade Federal de Lavras, MG (Brasil)
_0Tese (Mestrado)
245 1 _aSubstratos e adubação na aclimatização e desenvolvimento inicial de mudas de bromélia imperial
260 3 _aLavras, MG (Brasil):
_c2003.
300 _a62 p.
500 _aSummaries (Eng, Por); Bibliography p. 50-59; 12 illus; 13 tables
650 _aBROMÉLIA
650 _aPLANTA ORNAMENTAL
650 _aMUDA
650 _aADUBAÇÃO
650 _aSUBSTRATO DE CULTURA
650 _aACLIMATAÇÃO
909 _a202309
_bLucia
_c55
_dLucia Elande
942 _cBK
999 _c65350
_d65350